| 000 -LEADER | |
|---|---|
| fixed length control field | 00421nam a22001697a 4500 |
| 005 - DATE AND TIME OF LATEST TRANSACTION | |
| control field | 20180227153945.0 |
| 008 - FIXED-LENGTH DATA ELEMENTS--GENERAL INFORMATION | |
| fixed length control field | 160623b xxu||||| |||| 00| 0 eng d |
| 020 ## - INTERNATIONAL STANDARD BOOK NUMBER | |
| ISBN | 978-81-203-3819-7 |
| 041 ## - LANGUAGE CODE | |
| Language code of text/sound track or separate title | eng |
| 082 ## - DEWEY DECIMAL CLASSIFICATION NUMBER | |
| Item number | 9368 |
| Classification number | 005.1 |
| 100 ## - MAIN ENTRY--AUTHOR NAME | |
| Personal name | Mall, Rajib |
| 245 ## - TITLE STATEMENT | |
| Title | Fundamentals of Software Engineering |
| 250 ## - EDITION STATEMENT | |
| Edition statement | 3rd ed. |
| 260 ## - PUBLICATION, DISTRIBUTION, ETC. (IMPRINT) | |
| Name of publisher | PHI LEARNING PVT LTD |
| Year of publication | 2009 |
| Place of publication | NEW DELHI |
| 300 ## - PHYSICAL DESCRIPTION | |
| Number of Pages | 441 |
| 942 ## - ADDED ENTRY ELEMENTS (KOHA) | |
| Koha item type | Books |
| Lost status | Damaged status | Collection code | Home library | Current library | Shelving location | Date acquired | Cost, normal purchase price | Full call number | Accession Number | Koha item type |
|---|---|---|---|---|---|---|---|---|---|---|
| CS/IT | JRU Library | JRU Library | SHELF-50-G | 23/06/2016 | 479.00 | 005.1 | 9365 | Books | ||
| CS/IT | JRU Library | JRU Library | SHELF-50-G | 23/06/2016 | 479.00 | 005.1 | 9366 | Books | ||
| CS/IT | JRU Library | JRU Library | SHELF-50-G | 23/06/2016 | 479.00 | 005.1 | 9367 | Books | ||
| CS/IT | JRU Library | JRU Library | SHELF-53-H | 23/06/2016 | 479.00 | 005.1 | 9368 | Books | ||
| CS/IT | JRU Library | JRU Library | SHELF-53-H | 23/06/2016 | 479.00 | 005.1 | 9369 | Books | ||
| Lost | JRU Library | JRU Library | SHELF-3-B | 23/06/2016 | 479.00 | 005.1 | 9370 | Books | ||
| CS/IT | JRU Library | JRU Library | SHELF-53-H | 23/06/2016 | 479.00 | 005.1 | 9371 | Books | ||
| CS/IT | JRU Library | JRU Library | SHELF-53-H | 23/06/2016 | 479.00 | 005.1 | 9372 | Books |